Maurice Chevalier /

Bibliographic Details
Main Author: Freedland, Michael, 1934-
Format: Book
Language:English
Published: New York : Morrow, 1981.
Edition:1st ed.
Subjects:

MARC

Tag First Indicator Second Indicator Subfields
LEADER 00000pam a2200000 a 4500
001 in00000087135
005 20151008064744.0
008 810507s1981 nyuac 00010beng
010 |a  81038423  
020 |a 0688006523 
035 |a (OCoLC)07554485 
035 |9 AAK4741AM 
039 0 |a 2  |b 3  |c 3  |d 3  |e 3 
040 |a DLC  |c DLC  |d TXA  |d UtOrBLW 
043 |a e-fr--- 
049 |a TXAM  |c [388005] 
050 0 0 |a ML420.C473  |b F7 
082 0 |a 784.5/0092/4  |a B  |2 19 
100 1 |a Freedland, Michael,  |d 1934- 
245 1 0 |a Maurice Chevalier /  |c Michael Freedland. 
250 |a 1st ed. 
264 1 |a New York :  |b Morrow,  |c 1981. 
300 |a 287 pages :  |b illustrations, portraits ;  |c 24 cm. 
336 |a text  |b txt  |2 rdacontent 
337 |a unmediated  |b n  |2 rdamedia 
338 |a volume  |b nc  |2 rdacarrier 
600 1 0 |a Chevalier, Maurice,  |d 1888-1972. 
650 0 |a Singers  |z France  |v Biography. 
999 |a MARS 
999 f f |s 9e4fe6ae-faa1-34c7-936c-f9d11092c8d0  |i c8174c76-0e36-300d-9b9d-be93527b7b10  |t 0 
952 f f |p ric  |a Texas A&M University  |b Rellis Campus  |c Joint Library Facility  |d Remote Storage  |t 0  |e ML420.C473 F7  |h Library of Congress classification  |i unmediated -- volume  |m A14806165520 
998 f f |a ML420.C473 F7  |t 0  |l Remote Storage